00781nam a2200229Ia 4500003000400000005001700004008004100021020002200062040000700084041000800091082001600099100002900115245007400144260003700218300001600255365001300271650003500284906006200319942001200381999001900393952013900412OSt20230605102724.0210423s2018 xx 000 0 und d a978-81-316-0923-1 cAL aeng a363.73 DOMG aDOMINELLI (Lena)9119473 aGreen social work: from environmental crises to environmental justice aJaipurbRawat Publicationsc2018 axiv,244bHB b995cINR aEnvironmental Problems9119474 acrises ; environmental ; Green ; justice ; social ; work: 2ddccBK c176591d176591 001040708MSWaSACPGbSACPGd2018-10-15eSaraswathi Publisherg995.00l0o363.73 DOMGpPG023295r2022-08-24 00:00:00w2021-04-26yBK